000 00470nam a2200169Ia 4500
005 20240217114507.0
008 131103s9999 xx 000 0 und d
040 _aLoreto College
041 _aEnglish
082 _a370.954
_bBHA
245 _aEducational Documents in India 1813 - 1986,
_cEdited by B D Bhatt and J C Aggarwal
260 _aNew Delhi
_bArya Book Depot
_c1987
300 _a378p.
650 _aEducation - India
850 _aLCLIB
942 _cBK
999 _c23456
_d73935